000 02047cam a2200493 a 4500
001 sjds238220
003 sjds
005 20200314133453.0
008 030312t20032003txu c 000 0 eng
010 _a 2003004426
020 _a1413192262 :
_c$22.99
020 _a0938317768 (pbk.)
020 _a9780938317760 (pbk.)
035 _a(OCoLC)51977759
040 _aDLC
_cDLC
_dDLC
_dUtOrBLW
041 0 _aeng
_aspa
049 _aIFAB
099 _aCHILDREN ESPANOL 398.2 HAYES
100 1 _aHayes, Joe.
245 1 4 _aEl dia que nevaron tortillas =
_bThe day it snowed tortillas : folktales told in /
_cby Joe Hayes ; illustrations by Antonio Castro L.
246 1 1 _aDia que nevaron tortillas
246 3 _aDay it snowed tortillas: folktales told in Spanish and English
246 3 1 _aEl dia que nevaron tortillas
260 _aEl Paso, TX :
_bCinco Puntos Press,
_cc2003
264 1 _aEl Paso, TX :
_bCinco Puntos Press,
_c[2003]
264 4 _cc2003
300 _a133 pages :
_billustrations ;
_c23 cm
336 _atext
_btxt
_2rdacontent
337 _aunmediated
_bn
_2rdamedia
338 _avolume
_bnc
_2rdacarrier
520 _aA collection of classic tales from New Mexico, including "Pedro and Diablo," "La Hormiguita," "La Llorona," and "Juan Camison," in both English and Spanish.
526 0 _aAccelerated Reader
_bMG
_c4.5
_d2.0
_z83690
650 0 _aTales
_zNew Mexico
_vJuvenile literature.
650 0 _aFolklore
_zNew Mexico
_vJuvenile literature.
650 0 _aSpanish language materials
_xBilingual
_vJuvenile literature.
650 7 _aCuentos
_zNuevo México
_vLiteratura juvenil.
_2bidex
650 7 _aFolklore
_zNuevo México
_vLiteratura juvenil.
_2bidex
650 7 _aMateriales bilingües en español
_vLiteratura juvenil.
_2bidex
700 1 2 _aHayes, Joe.
_tDay it snowed tortillas.
_lSpanish.
700 1 2 _aHayes, Joe.
_tDay it snowed tortillas.
_lEnglish.
700 1 _aCastro López, Antonio.
910 _aBRO-cust20100427-111/kao-items
_aBRO-cust20110323-111
_aBRO-cust20120510-126
942 _2ddc
_cBK
999 _c18953
_d18953